| 000 | 01709nam0a2200349 4500 | ||
|---|---|---|---|
| 001 | RU\NLR\bibl\1766205 | ||
| 005 | 20260405221113.0 | ||
| 010 |
_a978-5-222-11619-7 _93000 |
||
| 035 | _a(NLR Aleph) 001757001 | ||
| 090 |
_a1554528 _c1554528 |
||
| 100 | _a20110504d2007 |||y0rusy50 ca | ||
| 101 | 1 |
_arus _cger |
|
| 102 | _aRU | ||
| 105 | _aa ||||||||| | ||
| 200 | 1 |
_aСабина Шпильрейн: "почти жестокая любовь к науке" _eбиография _fСабина Рихебехер _g[пер. с нем.: К.А. Петросян, И.Е. Попов _gнауч. ред. и лит. обраб. пер., вступ. ст. и примеч. в тексте - к.психол.н., доц. Ф.Р. Филатов] |
|
| 210 |
_aРостов-на-Дону _cФеникс _d2007 |
||
| 215 |
_a413 с., [8] л. ил., портр., факс. _d21 |
||
| 225 | 1 | _aПортреты без ретуши | |
| 320 | _aБиблиогр. в примеч.: с. 290-291 | ||
| 320 | _aБиблиогр. в тексте прил.: с. 292-370 | ||
| 320 | _aПсихоаналит. наследие, основные изд. работ С.Н. Шпильрейн: с. 381-384 | ||
| 320 | _aБиблиогр.: с. 385-412 | ||
| 600 | 1 |
_aШпильрейн _bС. _f1885 - 1942 _gСабина Николаевна _92552946 _3RU\NLR\auth\661510550 |
|
| 686 | _aЮ91(2)72-736 | ||
| 700 | 1 |
_aРихебехер _bС. _gСабина _4070 |
|
| 702 | 1 |
_4570 _7ca _8rus _aШпильрейн _bС. Н. _c1885-1942 _gСабина Николаевна _982380 _3RU\NLR\auth\7799454 |
|
| 801 | 0 |
_aRU _bNLR _c20110504 _gRCR |
|
| 801 | 1 |
_aRU _bNLR _c20110504 |
|
| 830 | _aпо кн | ||
| 942 | _cBOOK | ||
| 980 | _aNB | ||